Conflicto de visiones : (Record no. 20869)
[ view plain ]
| 000 -CABECERA | |
|---|---|
| campo de control de longitud fija | 00805nam a2200241 a 4500 |
| 001 - NÚMERO DE CONTROL | |
| campo de control | 000021369 |
| 005 - FECHA Y HORA DE LA ÚLTIMA TRANSACCIÓN | |
| campo de control | 20240515123645.0 |
| 008 - DATOS DE LONGITUD FIJA--INFORMACIÓN GENERAL | |
| campo de control de longitud fija | 100906s1990 ag r 000 | spa d |
| 020 ## - NÚMERO INTERNACIONAL ESTÁNDAR DEL LIBRO | |
| Número Internacional Estándar del Libro | 9509113610 |
| 040 ## - FUENTE DE LA CATALOGACIÓN | |
| Centro catalogador/agencia de origen | DO-SdBNP |
| Lengua de catalogación | spa |
| Centro/agencia transcriptor | BNPHU |
| 082 ## - NÚMERO DE LA CLASIFICACIÓN DECIMAL DEWEY | |
| Número de clasificación | 303.6 |
| Número de documento/Ítem | S731c |
| 049 ## - FONDOS LOCALES (OCLC) | |
| Fondos de biblioteca | BNGR |
| 100 1# - ENTRADA PRINCIPAL--NOMBRE DE PERSONA | |
| Nombre de persona | Sowell, Thomas |
| Fechas asociadas al nombre | 1930- |
| 9 (RLIN) | 44621 |
| 245 10 - MENCIÓN DE TÍTULO | |
| Título | Conflicto de visiones : |
| Resto del título | orígenes ideológicos de las luchas políticas / |
| Mención de responsabilidad, etc. | Thomas Sowell; traducción, Carlos Gardini. |
| 260 ## - PUBLICACIÓN, DISTRIBUCIÓN, ETC. | |
| Lugar de publicación, distribución, etc. | Buenos Aires : |
| Nombre del editor, distribuidor, etc. | Gedisa, |
| Fecha de publicación, distribución, etc. | 1990. |
| 300 ## - DESCRIPCIÓN FÍSICA | |
| Extensión | 236 p. ; |
| Dimensiones | 19 cm. |
| 490 1# - MENCIÓN DE SERIE | |
| Mención de serie | Grupo Ciencias Sociales |
| 500 ## - NOTA GENERAL | |
| Nota general | Incluye índice temático y notas |
| 650 #4 - PUNTO DE ACCESO ADICIONAL DE MATERIA--TÉRMINO DE MATERIA | |
| Término de materia o nombre geográfico como elemento de entrada | Conflictos políticos |
| 9 (RLIN) | 33687 |
| 650 #0 - PUNTO DE ACCESO ADICIONAL DE MATERIA--TÉRMINO DE MATERIA | |
| Término de materia o nombre geográfico como elemento de entrada | Sociología política |
| 9 (RLIN) | 2483 |
| 700 1# - PUNTO DE ACCESO ADICIONAL--NOMBRE DE PERSONA | |
| Nombre de persona | Gardini, Carlos |
| Término indicativo de función/relación | tr. |
| 9 (RLIN) | 12983 |
| 830 #0 - PUNTO DE ACCESO ADICIONAL DE SERIE-TÍTULO UNIFORME | |
| Título uniforme | Grupo Ciencias Sociales |
| 9 (RLIN) | 44622 |
| Estado de retiro | Estado de pérdida | Restricciones de uso | No para préstamo | Código de colección | Localización permanente | Ubicación/localización actual | Ubicación en estantería | Fecha de adquisición | Número de inventario | Total de préstamos | Signatura topográfica completa | Código de barras | Fecha visto por última vez | Precio válido a partir de | Tipo de ítem Koha |
|---|---|---|---|---|---|---|---|---|---|---|---|---|---|---|---|
| Excluido de préstamo | Monografías: Libros y Folletos | General | General | En catalogación | 06.09.2010 | LF1 | 303.6 S731c | 21369-10 | 25.06.2020 | 25.06.2020 | No se presta |
